[Event "15th International Khazar Cup (Masters) 2017"]
[Site "Rasht,Guilan,Iran"]
[Date "2017.01.22"]
[Round "3"]
[Board "9"]
[White "Korneev, Oleg"]
[Black "Khoshkalam, Seyed Mehrab"]
[Result "1/2-1/2"]
[WhiteElo "2598"]
[BlackElo "2208"]
[PlyCount "0"]
[EventDate "2017.01.20"]
[EventRounds "9"]
[EventCountry "IRI"]

1. e4 {[%clk 1:30:47]} e6 {[%clk 1:30:03]} 2. d4 {[%clk 1:31:09]} d5
{[%clk 1:30:29]} 3. Nd2 {[%clk 1:31:36]} Nf6 {[%clk 1:29:08]} 4. e5
{[%clk 1:29:25]} Nfd7 {[%clk 1:29:30]} 5. c3 {[%clk 1:29:03]} c5 {[%clk 1:29:50]}
6. f4 {[%clk 1:28:59]} Nc6 {[%clk 1:28:49]} 7. Ndf3 {[%clk 1:29:02]} Qb6
{[%clk 1:28:30]} 8. a3 {[%clk 1:28:31]} a5 {[%clk 1:26:43]} 9. b3
{[%clk 1:22:52]} Be7 {[%clk 1:26:45]} 10. h4 {[%clk 1:22:31]} f6 {[%clk 1:21:30]}
11. Bd3 f5 {[%clk 1:04:30]} 12. Ne2 {[%clk 1:10:27]} h5 {[%clk 1:02:04]} 13. Rb1
{[%clk 0:45:00]} cxd4 {[%clk 0:41:10]} 14. cxd4 {[%clk 0:45:08]} g6
{[%clk 0:41:12]} 15. Kf2 {[%clk 0:44:36]} Nf8 {[%clk 0:40:37]} 16. Nc3
{[%clk 0:39:56]} Bd7 {[%clk 0:40:01]} 17. Na4 {[%clk 0:38:54]} Qa7
{[%clk 0:39:53]} 18. Be2 {[%clk 0:27:37]} Kf7 {[%clk 0:37:53]} 19. Ra1
{[%clk 0:27:25]} Rc8 {[%clk 0:33:46]} 20. Be3 {[%clk 0:25:44]} b6
{[%clk 0:31:35]} 21. Nc3 {[%clk 0:24:25]} Nh7 {[%clk 0:29:51]} 22. Qd2
{[%clk 0:19:38]} Qb7 {[%clk 0:29:37]} 23. Bd3 {[%clk 0:16:35]} Na7
{[%clk 0:29:33]} 24. Rhc1 {[%clk 0:16:14]} b5 {[%clk 0:28:23]} 25. Ne2
{[%clk 0:12:30]} Rxc1 {[%clk 0:28:17]} 26. Nxc1 {[%clk 0:12:51]} Qb6
{[%clk 0:27:50]} 27. b4 {[%clk 0:06:56]} axb4 {[%clk 0:26:40]} 28. axb4
{[%clk 0:07:25]} Nc6 {[%clk 0:26:56]} 29. Rb1 {[%clk 0:07:53]} Ra8
{[%clk 0:27:10]} 30. Be2 {[%clk 0:08:20]} Nf8 {[%clk 0:24:38]} 31. Nd3
{[%clk 0:08:46]} Nd8 {[%clk 0:23:16]} 32. Nc5 {[%clk 0:08:58]} Be8
{[%clk 0:23:37]} 33. Qb2 {[%clk 0:07:57]} Qa7 {[%clk 0:23:53]} 34. g3
{[%clk 0:07:51]} Bc6 {[%clk 0:20:55]} 35. Nd2 {[%clk 0:07:34]} Nd7
{[%clk 0:21:04]} 36. Ndb3 {[%clk 0:07:33]} Nb6 {[%clk 0:21:07]} 37. Ra1
{[%clk 0:07:41]} Qb8 {[%clk 0:21:21]} 38. Ra6 {[%clk 0:03:40]} Rxa6
{[%clk 0:20:47]} 39. Nxa6 {[%clk 0:04:09]} Qa7 {[%clk 0:20:46]} 40. Nac5
{[%clk 0:04:28]} Nc4 {[%clk 0:20:52]} 41. Qa1 {[%clk 0:04:35]} Qxa1
{[%clk 0:21:07]} 42. Nxa1 {[%clk 0:05:04]} Nb7 {[%clk 0:21:10]} 43. Nab3
{[%clk 0:05:15]} Bxc5 {[%clk 0:19:02]} 44. dxc5 {[%clk 0:03:05]} Ke7
{[%clk 0:19:06]} 45. Nd4 {[%clk 0:03:19]} Kd7 {[%clk 0:19:25]} 1/2-1/2

[Event "15th International Khazar Cup (Masters) 2017"]
[Site "Rasht,Guilan,Iran"]
[Date "2017.01.22"]
[Round "3"]
[Board "10"]
[White "Gholami Orimi, Mahdi"]
[Black "Ghaem Maghami, Ehsan"]
[Result "1/2-1/2"]
[WhiteElo "2230"]
[BlackElo "2574"]
[PlyCount "0"]
[EventDate "2017.01.20"]
[EventRounds "9"]
[EventCountry "IRI"]

1. d4 {[%clk 1:30:55]} Nf6 {[%clk 1:17:39]} 2. c4 {[%clk 1:31:16]} e6
{[%clk 1:18:05]} 3. Nc3 {[%clk 1:31:38]} Bb4 {[%clk 1:18:22]} 4. Qc2
{[%clk 1:31:53]} d6 {[%clk 1:18:42]} 5. a3 {[%clk 1:31:34]} Bxc3+
{[%clk 1:19:06]} 6. Qxc3 {[%clk 1:32:00]} O-O {[%clk 1:19:02]} 7. e3
{[%clk 1:31:23]} b6 {[%clk 1:18:11]} 8. Bd3 {[%clk 1:29:28]} Bb7 {[%clk 1:16:44]}
9. f3 {[%clk 1:26:39]} c5 {[%clk 1:10:20]} 10. dxc5 bxc5 {[%clk 1:05:31]} 11. Ne2
{[%clk 1:24:29]} Nc6 {[%clk 0:59:54]} 12. O-O {[%clk 1:24:03]} Qb6
{[%clk 0:59:03]} 13. b3 {[%clk 1:20:59]} d5 {[%clk 0:44:48]} 14. Rb1
{[%clk 1:07:12]} Rfd8 {[%clk 0:43:20]} 15. cxd5 {[%clk 0:58:47]} exd5
{[%clk 0:39:41]} 16. b4 {[%clk 0:56:45]} cxb4 {[%clk 0:16:32]} 17. axb4
{[%clk 0:55:49]} d4 {[%clk 0:16:41]} 18. Nxd4 {[%clk 0:49:57]} Nxd4
{[%clk 0:10:13]} 19. exd4 {[%clk 0:50:13]} Qxd4+ {[%clk 0:05:04]} 20. Qxd4
{[%clk 0:50:29]} Rxd4 {[%clk 0:05:15]} 1/2-1/2

[Event "15th International Khazar Cup (Masters) 2017"]
[Site "Rasht,Guilan,Iran"]
[Date "2017.01.22"]
[Round "3"]
[Board "11"]
[White "Mousavi, Seyed Khalil"]
[Black "Khademi, Mohammad Miran"]
[Result "1/2-1/2"]
[WhiteElo "2422"]
[BlackElo "2315"]
[PlyCount "0"]
[EventDate "2017.01.20"]
[EventRounds "9"]
[EventCountry "IRI"]

1. d4 {[%clk 1:29:14]} d6 {[%clk 1:26:39]} 2. c4 {[%clk 1:29:04]} g6
{[%clk 1:26:06]} 3. Nc3 {[%clk 1:28:34]} Bg7 {[%clk 1:26:17]} 4. Nf3
{[%clk 1:21:49]} Nd7 {[%clk 1:13:38]} 5. g3 {[%clk 1:18:23]} e5 {[%clk 1:12:51]}
6. Bg2 {[%clk 1:17:50]} Ne7 {[%clk 1:12:50]} 7. O-O {[%clk 1:15:19]} O-O 8. e3
Nf5 {[%clk 1:10:06]} 9. dxe5 {[%clk 1:08:36]} dxe5 {[%clk 1:10:05]} 10. Qc2
{[%clk 1:08:20]} c6 {[%clk 1:10:04]} 11. b3 {[%clk 1:06:53]} h5 {[%clk 1:04:32]}
12. a4 {[%clk 1:06:09]} Re8 {[%clk 1:03:42]} 13. Ba3 {[%clk 1:03:16]} Nf6
{[%clk 1:00:45]} 14. Rad1 {[%clk 1:02:19]} Qb6 {[%clk 1:00:48]} 15. e4
{[%clk 0:54:06]} Nh6 {[%clk 0:58:24]} 16. h3 {[%clk 0:51:27]} Bf8
{[%clk 0:55:44]} 17. Bxf8 {[%clk 0:51:07]} Kxf8 {[%clk 0:56:05]} 18. Rd6
{[%clk 0:48:09]} Qc5 {[%clk 0:53:37]} 19. Qd2 {[%clk 0:39:45]} Nhg8
{[%clk 0:53:08]} 20. Ng5 {[%clk 0:37:33]} Re7 {[%clk 0:49:19]} 21. Rd1
{[%clk 0:29:31]} a5 {[%clk 0:46:14]} 22. Kh2 {[%clk 0:21:11]} Kg7
{[%clk 0:33:29]} 23. f4 {[%clk 0:17:11]} h4 {[%clk 0:20:31]} 24. gxh4
{[%clk 0:16:38]} exf4 {[%clk 0:20:48]} 25. Rd8 {[%clk 0:13:40]} Nh6
{[%clk 0:17:46]} 26. Qxf4 {[%clk 0:10:48]} Nh5 {[%clk 0:16:08]} 27. Qd2
{[%clk 0:10:16]} f6 {[%clk 0:16:13]} 28. Nf3 {[%clk 0:09:14]} Nf7
{[%clk 0:16:28]} 29. Rd4 {[%clk 0:08:16]} Qb6 {[%clk 0:16:21]} 30. Ne2
{[%clk 0:07:12]} Be6 {[%clk 0:13:16]} 31. Qc3 {[%clk 0:07:16]} Rh8
{[%clk 0:13:07]} 32. c5 {[%clk 0:04:25]} Qxb3 {[%clk 0:12:01]} 33. Qxa5
{[%clk 0:04:17]} Bc8 {[%clk 0:10:16]} 34. Qd2 {[%clk 0:03:43]} Ne5
{[%clk 0:09:30]} 35. Nxe5 {[%clk 0:02:44]} Rxe5 {[%clk 0:05:02]} 36. Rd8
{[%clk 0:02:42]} Ree8 {[%clk 0:04:31]} 37. Rxe8 {[%clk 0:02:15]} Rxe8
{[%clk 0:04:58]} 38. Qd6 {[%clk 0:02:06]} Qxa4 {[%clk 0:01:47]} 39. Qc7+
{[%clk 0:02:02]} Kf8 {[%clk 0:01:04]} 40. Rd8 {[%clk 0:02:13]} Bxh3
{[%clk 0:00:48]} 41. Rxe8+ {[%clk 0:00:58]} Kxe8 {[%clk 0:01:16]} 42. Kxh3
{[%clk 0:00:38]} Qa3+ {[%clk 0:01:37]} 43. Ng3 {[%clk 0:00:37]} Qe3
{[%clk 0:00:56]} 44. Qc8+ {[%clk 0:00:42]} Kf7 {[%clk 0:01:14]} 45. Qxb7+
{[%clk 0:00:58]} Kg8 {[%clk 0:01:30]} 46. Qb8+ {[%clk 0:00:58]} Kg7
{[%clk 0:01:53]} 47. Qc7+ {[%clk 0:00:39]} Kh6 {[%clk 0:01:30]} 48. Kh2
{[%clk 0:00:43]} Qf2 {[%clk 0:01:25]} 49. Nxh5 {[%clk 0:00:32]} Qxh4+
{[%clk 0:01:46]} 50. Kg1 {[%clk 0:00:36]} Qe1+ {[%clk 0:02:03]} 51. Bf1
{[%clk 0:01:05]} Qe3+ {[%clk 0:02:24]} 52. Kg2 {[%clk 0:00:38]} Qxe4+
{[%clk 0:02:47]} 53. Kf2 {[%clk 0:00:51]} Qd4+ {[%clk 0:02:16]} 54. Kf3
{[%clk 0:00:41]} Qd5+ {[%clk 0:02:15]} 55. Kg3 {[%clk 0:00:49]} Qg5+
{[%clk 0:02:39]} 56. Kf3 {[%clk 0:00:32]} Qxh5+ {[%clk 0:03:03]} 57. Kg3
{[%clk 0:00:55]} Qxc5 {[%clk 0:03:20]} 58. Bg2 {[%clk 0:01:10]} Qe3+
{[%clk 0:03:37]} 59. Bf3 {[%clk 0:01:16]} c5 {[%clk 0:03:43]} 60. Qd8
{[%clk 0:01:04]} Qe5+ {[%clk 0:02:28]} 61. Kh3 {[%clk 0:01:07]} f5
{[%clk 0:02:39]} 62. Qd2+ {[%clk 0:00:54]} g5 {[%clk 0:02:51]} 63. Qd7
{[%clk 0:00:31]} Qf6 {[%clk 0:01:29]} 64. Qe8 {[%clk 0:00:32]} c4
{[%clk 0:00:36]} 65. Qc8 {[%clk 0:00:32]} c3 {[%clk 0:01:19]} 66. Qc4
{[%clk 0:00:33]} Qg7 {[%clk 0:00:54]} 67. Kg2 {[%clk 0:00:32]} g4
{[%clk 0:01:01]} 68. Bd1 {[%clk 0:00:32]} Kg5 {[%clk 0:01:05]} 69. Qd3
{[%clk 0:00:32]} Qb7+ {[%clk 0:01:26]} 70. Kf2 {[%clk 0:00:40]} Qb6+
{[%clk 0:01:04]} 71. Kf1 {[%clk 0:00:50]} Qc7 {[%clk 0:00:43]} 72. Bc2
{[%clk 0:01:03]} Qf4+ {[%clk 0:01:08]} 73. Ke2 {[%clk 0:00:47]} g3
{[%clk 0:01:23]} 74. Qxc3 {[%clk 0:00:32]} Qf2+ {[%clk 0:01:46]} 75. Kd1
{[%clk 0:00:55]} Qf1+ {[%clk 0:01:18]} 76. Kd2 {[%clk 0:01:19]} Qf2+
{[%clk 0:01:30]} 77. Kd1 {[%clk 0:01:23]} g2 {[%clk 0:00:52]} 78. Qg7+
{[%clk 0:01:47]} Kf4 {[%clk 0:01:11]} 79. Qh6+ {[%clk 0:01:1

[Event "15th International Khazar Cup (Masters) 2017"]
[Site "Rasht,Guilan,Iran"]
[Date "2017.01.22"]
[Round "3"]
[Board "12"]
[White "Pilvaieh, Ali"]
[Black "Asgarizadeh, Ahmad"]
[Result "0-1"]
[WhiteElo "2212"]
[BlackElo "2421"]
[PlyCount "0"]
[EventDate "2017.01.20"]
[EventRounds "9"]
[EventCountry "IRI"]

1. e4 {[%clk 1:23:54]} e5 {[%clk 1:29:50]} 2. Nf3 {[%clk 1:24:11]} Nc6
{[%clk 1:30:15]} 3. Bc4 {[%clk 1:24:28]} Bc5 {[%clk 1:30:37]} 4. c3
{[%clk 1:24:50]} Nf6 {[%clk 1:31:02]} 5. d3 {[%clk 1:25:15]} O-O {[%clk 1:31:22]}
6. h3 {[%clk 1:24:30]} h6 {[%clk 1:31:44]} 7. Nbd2 {[%clk 1:24:44]} a6
{[%clk 1:31:02]} 8. Bb3 {[%clk 1:25:07]} d6 {[%clk 1:30:52]} 9. Nf1
{[%clk 1:25:20]} Be6 {[%clk 1:31:12]} 10. g4 {[%clk 1:23:05]} Bxb3
{[%clk 1:28:08]} 11. axb3 {[%clk 1:23:07]} d5 {[%clk 1:28:19]} 12. Qe2
{[%clk 1:23:10]} dxe4 {[%clk 1:15:07]} 13. dxe4 {[%clk 1:23:08]} Qd7 14. b4
{[%clk 1:12:47]} Be7 {[%clk 1:10:21]} 15. Ng3 {[%clk 1:12:07]} Rfd8
{[%clk 1:08:55]} 16. g5 {[%clk 1:06:06]} hxg5 {[%clk 1:09:05]} 17. Bxg5
{[%clk 1:06:25]} Qe6 {[%clk 1:01:06]} 18. Nf5 {[%clk 0:52:00]} Nh7
{[%clk 1:00:35]} 19. Be3 {[%clk 0:50:54]} Bf6 {[%clk 0:55:16]} 20. Rg1
{[%clk 0:45:34]} Ne7 {[%clk 0:52:12]} 21. N3h4 {[%clk 0:38:46]} Nxf5
{[%clk 0:47:06]} 22. Nxf5 {[%clk 0:39:04]} Kh8 {[%clk 0:44:02]} 23. Qg4
{[%clk 0:30:26]} Rd3 {[%clk 0:40:01]} 24. Kf1 {[%clk 0:22:30]} g6
{[%clk 0:31:21]} 25. Nh6 {[%clk 0:15:51]} Qc4 {[%clk 0:31:19]} 26. Kg2
{[%clk 0:14:32]} Bg7 {[%clk 0:29:33]} 27. Qh4 {[%clk 0:11:21]} Bf6
{[%clk 0:19:24]} 28. Qg4 {[%clk 0:11:50]} Bg7 {[%clk 0:19:50]} 29. Qh4
{[%clk 0:12:05]} f6 {[%clk 0:16:35]} 30. b3 {[%clk 0:08:08]} Qxb3
{[%clk 0:15:47]} 31. Kh2 {[%clk 0:08:37]} g5 {[%clk 0:15:44]} 32. Qh5
{[%clk 0:08:55]} Bxh6 {[%clk 0:15:50]} 33. Qxh6 {[%clk 0:09:23]} Rg8
{[%clk 0:14:08]} 34. h4 {[%clk 0:09:01]} g4 {[%clk 0:11:32]} 35. Qh5
{[%clk 0:07:23]} Rxe3 {[%clk 0:08:12]} 36. fxe3 {[%clk 0:07:45]} g3+
{[%clk 0:08:38]} 37. Kh3 {[%clk 0:06:40]} Qb2 {[%clk 0:08:54]} 38. Rh1
{[%clk 0:05:17]} g2 {[%clk 0:09:04]} 39. Rhg1 {[%clk 0:05:39]} Qf2 0-1

[Event "15th International Khazar Cup (Masters) 2017"]
[Site "Rasht,Guilan,Iran"]
[Date "2017.01.22"]
[Round "3"]
[Board "13"]
[White "Morchiashvili, Bachana"]
[Black "Jamshidi, Amir Hossein"]
[Result "1-0"]
[WhiteElo "2419"]
[BlackElo "2125"]
[PlyCount "0"]
[EventDate "2017.01.20"]
[EventRounds "9"]
[EventCountry "IRI"]

1. d4 {[%clk 1:18:25]} Nf6 {[%clk 1:30:34]} 2. Nf3 {[%clk 1:18:49]} d5
{[%clk 1:30:21]} 3. c4 {[%clk 1:19:11]} e6 {[%clk 1:30:15]} 4. Nc3
{[%clk 1:19:35]} Bb4 {[%clk 1:29:08]} 5. cxd5 {[%clk 1:19:57]} exd5
{[%clk 1:28:56]} 6. Bg5 {[%clk 1:20:23]} h6 {[%clk 1:28:09]} 7. Bh4
{[%clk 1:20:10]} Nbd7 {[%clk 1:27:43]} 8. e3 {[%clk 1:20:26]} g5 {[%clk 1:26:49]}
9. Bg3 {[%clk 1:20:50]} Ne4 {[%clk 1:27:04]} 10. Qc2 Nxg3 {[%clk 1:18:18]} 11.
hxg3 {[%clk 1:05:35]} Nb6 {[%clk 1:15:31]} 12. Bd3 {[%clk 1:04:44]} c6
{[%clk 1:12:18]} 13. O-O-O {[%clk 1:03:27]} Be6 {[%clk 1:06:20]} 14. Bf5
{[%clk 1:01:38]} Qf6 {[%clk 0:57:49]} 15. Bxe6 {[%clk 1:01:28]} fxe6
{[%clk 0:58:04]} 16. g4 {[%clk 0:48:35]} Nd7 {[%clk 0:50:20]} 17. Kb1
{[%clk 0:47:02]} O-O-O {[%clk 0:48:50]} 18. Nb5 {[%clk 0:36:14]} Kb8
{[%clk 0:32:03]} 19. Nxa7 {[%clk 0:33:22]} e5 {[%clk 0:24:40]} 20. dxe5
{[%clk 0:21:43]} Nxe5 {[%clk 0:23:35]} 21. Nxe5 {[%clk 0:19:07]} Qxe5
{[%clk 0:23:11]} 22. Nxc6+ {[%clk 0:18:10]} bxc6 {[%clk 0:23:28]} 23. Qxc6
{[%clk 0:18:27]} Qc7 {[%clk 0:09:30]} 24. Qa4 {[%clk 0:14:34]} Be7
{[%clk 0:08:27]} 25. Rd3 {[%clk 0:13:52]} Rd6 {[%clk 0:04:36]} 26. Rb3+
{[%clk 0:10:10]} Rb6 {[%clk 0:04:37]} 27. Qd4 {[%clk 0:10:23]} Rxb3
{[%clk 0:01:28]} 28. Qxh8+ {[%clk 0:10:34]} 1-0

[Event "15th International Khazar Cup (Masters) 2017"]
[Site "Rasht,Guilan,Iran"]
[Date "2017.01.22"]
[Round "3"]
[Board "14"]
[White "Hakemi, Arman"]
[Black "Jahedi, Mani"]
[Result "1-0"]
[WhiteElo "2366"]
[BlackElo "2040"]
[PlyCount "0"]
[EventDate "2017.01.20"]
[EventRounds "9"]
[EventCountry "IRI"]

1. d4 {[%clk 1:23:45]} d5 {[%clk 1:30:26]} 2. Bf4 {[%clk 1:23:55]} Nf6
{[%clk 1:29:46]} 3. e3 {[%clk 1:24:16]} c5 {[%clk 1:28:21]} 4. c3
{[%clk 1:23:32]} Nc6 {[%clk 1:27:43]} 5. Nd2 {[%clk 1:23:54]} Qb6
{[%clk 1:24:05]} 6. Qb3 {[%clk 1:23:22]} Bf5 {[%clk 1:17:50]} 7. dxc5
{[%clk 1:04:03]} Qxb3 {[%clk 1:08:12]} 8. axb3 {[%clk 1:01:39]} e5
{[%clk 1:08:12]} 9. Bg3 {[%clk 1:01:39]} Bxc5 {[%clk 1:06:36]} 10. b4
{[%clk 1:01:57]} Bd6 {[%clk 1:04:33]} 11. Bb5 {[%clk 1:01:03]} O-O
{[%clk 1:00:38]} 12. Ngf3 {[%clk 1:01:24]} Nd7 {[%clk 0:50:24]} 13. O-O
{[%clk 1:01:31]} a6 {[%clk 0:50:13]} 14. Ba4 {[%clk 0:51:01]} b5 {[%clk 0:39:06]}
15. Bb3 {[%clk 0:51:02]} Nb6 {[%clk 0:38:52]} 16. Rfd1 {[%clk 0:46:40]} Bc7
{[%clk 0:34:51]} 17. Nd4 {[%clk 0:36:35]} exd4 {[%clk 0:22:30]} 18. Bxc7
{[%clk 0:36:54]} dxc3 {[%clk 0:22:52]} 19. Bxb6 {[%clk 0:17:25]} cxd2
{[%clk 0:21:58]} 20. Rxd2 {[%clk 0:15:36]} Rac8 {[%clk 0:10:01]} 21. Bc5
{[%clk 0:15:14]} Rfe8 {[%clk 0:08:04]} 22. Bxd5 {[%clk 0:13:54]} Nb8
{[%clk 0:05:52]} 23. f3 {[%clk 0:12:26]} Be6 {[%clk 0:04:12]} 24. Bb7
{[%clk 0:10:39]} Rcd8 {[%clk 0:02:43]} 25. Rxd8 {[%clk 0:08:58]} Rxd8
{[%clk 0:03:12]} 26. Bd4 {[%clk 0:04:02]} h5 {[%clk 0:01:25]} 27. Be5
{[%clk 0:03:24]} Bc4 {[%clk 0:00:40]} 28. Be4 {[%clk 0:01:39]} Re8
{[%clk 0:00:33]} 29. Bxb8 {[%clk 0:01:39]} Rxb8 {[%clk 0:01:02]} 30. Rxa6
{[%clk 0:02:09]} Rd8 {[%clk 0:00:59]} 31. Ra8 {[%clk 0:02:32]} Rxa8
{[%clk 0:01:16]} 32. Bxa8 {[%clk 0:02:57]} g6 {[%clk 0:01:05]} 33. e4
{[%clk 0:02:53]} Kg7 {[%clk 0:01:05]} 34. Kf2 {[%clk 0:03:19]} Kf6
{[%clk 0:01:20]} 35. Ke3 {[%clk 0:03:46]} g5 {[%clk 0:00:59]} 36. g3
{[%clk 0:03:56]} Ke6 {[%clk 0:00:42]} 37. f4 {[%clk 0:04:06]} f6 {[%clk 0:00:40]}
38. h4 {[%clk 0:04:26]} gxh4 {[%clk 0:00:38]} 39. gxh4 {[%clk 0:04:55]} Kd6
{[%clk 0:00:52]} 40. Kd4 {[%clk 0:05:20]} Bb3 {[%clk 0:01:03]} 41. Bb7
{[%clk 0:05:28]} Be6 {[%clk 0:00:54]} 42. e5+ {[%clk 0:04:31]} fxe5+
{[%clk 0:01:23]} 43. fxe5+ {[%clk 0:05:00]} Ke7 {[%clk 0:01:13]} 44. Ke4
{[%clk 0:04:07]} Bh3 {[%clk 0:01:07]} 45. Kf4 {[%clk 0:04:20]} 1-0

[Event "15th International Khazar Cup (Masters) 2017"]
[Site "Rasht,Guilan,Iran"]
[Date "2017.01.23"]
[Round "4"]
[Board "1"]
[White "Idani, Pouya"]
[Black "Zubov, Alexander"]
[Result "1-0"]
[WhiteElo "2552"]
[BlackElo "2606"]
[PlyCount "0"]
[EventDate "2017.01.20"]
[EventRounds "9"]
[EventCountry "IRI"]

1. e4 {[%clk 1:30:48]} e5 {[%clk 1:30:54]} 2. Nf3 {[%clk 1:31:13]} Nc6
{[%clk 1:31:19]} 3. Bb5 {[%clk 1:31:41]} a6 {[%clk 1:31:42]} 4. Ba4
{[%clk 1:32:08]} Nf6 {[%clk 1:32:06]} 5. O-O {[%clk 1:32:34]} Be7
{[%clk 1:32:30]} 6. Re1 {[%clk 1:33:00]} b5 {[%clk 1:32:55]} 7. Bb3
{[%clk 1:33:27]} d6 {[%clk 1:33:19]} 8. c3 {[%clk 1:33:54]} O-O {[%clk 1:33:42]}
9. d4 {[%clk 1:34:21]} Bg4 {[%clk 1:33:53]} 10. Be3 {[%clk 1:34:47]} exd4
{[%clk 1:18:43]} 11. cxd4 {[%clk 1:35:06]} Na5 {[%clk 1:19:07]} 12. Bc2
{[%clk 1:35:33]} Nc4 {[%clk 1:19:30]} 13. Bc1 {[%clk 1:36:00]} c5
{[%clk 1:19:53]} 14. b3 {[%clk 1:36:13]} Na5 {[%clk 1:20:03]} 15. d5
{[%clk 1:35:19]} Nd7 {[%clk 1:16:45]} 16. Nbd2 {[%clk 1:34:53]} Bf6
{[%clk 1:16:58]} 17. Rb1 {[%clk 1:35:20]} Bc3 {[%clk 1:14:54]} 18. h3
{[%clk 1:35:01]} Bxf3 {[%clk 1:11:40]} 19. Qxf3 {[%clk 1:35:10]} b4
{[%clk 1:12:07]} 20. Rd1 {[%clk 1:26:29]} c4 {[%clk 1:04:29]} 21. bxc4
{[%clk 1:21:47]} Ne5 {[%clk 1:01:13]} 22. Qe2 {[%clk 1:20:18]} Qc7
{[%clk 1:00:57]} 23. f4 {[%clk 1:17:05]} Ng6 {[%clk 0:56:27]} 24. g3
{[%clk 1:13:23]} Rfe8 {[%clk 0:41:19]} 25. Kh2 {[%clk 1:05:20]} f5
{[%clk 0:32:39]} 26. Qg2 {[%clk 0:57:51]} Nxc4 {[%clk 0:29:22]} 27. Nxc4
{[%clk 0:57:25]} Qxc4 {[%clk 0:29:50]} 28. Bd3 {[%clk 0:57:45]} Qc5
{[%clk 0:29:07]} 29. exf5 {[%clk 0:57:38]} Nf8 {[%clk 0:28:56]} 30. g4
{[%clk 0:46:29]} Ra7 {[%clk 0:26:47]} 31. g5 {[%clk 0:36:05]} Rae7
{[%clk 0:26:07]} 32. f6 {[%clk 0:35:55]} Re1 {[%clk 0:26:22]} 33. Bd2
{[%clk 0:36:03]} Bxd2 {[%clk 0:24:29]} 34. Rxd2 {[%clk 0:36:26]} Qe3
{[%clk 0:24:47]} 35. Rxb4 {[%clk 0:36:48]} a5 {[%clk 0:21:37]} 36. Rc4
{[%clk 0:34:31]} Ng6 {[%clk 0:21:08]} 37. Bxg6 {[%clk 0:27:05]} hxg6
{[%clk 0:21:14]} 38. Qf2 {[%clk 0:27:20]} gxf6 {[%clk 0:19:19]} 39. gxf6
{[%clk 0:22:59]} Kf7 {[%clk 0:19:07]} 40. Rc7+ {[%clk 0:23:04]} Kf8
{[%clk 0:19:32]} 41. Qxe3 {[%clk 0:22:05]} R8xe3 {[%clk 0:19:27]} 42. Rg2
{[%clk 0:18:04]} R1e2 {[%clk 0:17:34]} 43. Rd7 {[%clk 0:16:13]} Rxg2+
{[%clk 0:17:48]} 44. Kxg2 {[%clk 0:16:37]} Ra3 {[%clk 0:18:13]} 45. h4
{[%clk 0:14:16]} Rxa2+ {[%clk 0:18:37]} 46. Kg3 {[%clk 0:14:42]} Ra1
{[%clk 0:16:16]} 47. Rxd6 {[%clk 0:13:43]} Kf7 {[%clk 0:16:21]} 48. f5
{[%clk 0:10:45]} Rg1+ {[%clk 0:13:36]} 49. Kf2 {[%clk 0:11:07]} Rg4
{[%clk 0:14:00]} 50. fxg6+ {[%clk 0:11:34]} Kxg6 {[%clk 0:13:53]} 51. h5+
{[%clk 0:11:45]} Kxh5 {[%clk 0:07:35]} 52. Kf3 {[%clk 0:10:19]} Kg5
{[%clk 0:06:54]} 53. Ra6 {[%clk 0:09:09]} Rf4+ {[%clk 0:02:47]} 54. Ke3
{[%clk 0:09:35]} Rxf6 {[%clk 0:03:02]} 55. d6 {[%clk 0:10:00]} Kf5
{[%clk 0:01:02]} 56. d7 {[%clk 0:09:31]} Rf8 {[%clk 0:00:47]} 57. Rd6
{[%clk 0:09:57]} Rd8 {[%clk 0:01:16]} 58. Kd4 {[%clk 0:10:21]} a4
{[%clk 0:01:44]} 59. Kd5 {[%clk 0:10:45]} a3 {[%clk 0:02:09]} 60. Kc6
{[%clk 0:11:12]} a2 {[%clk 0:02:28]} 61. Rd1 {[%clk 0:11:39]} Ra8
{[%clk 0:01:13]} 62. Kb7 {[%clk 0:12:00]} a1=Q {[%clk 0:01:34]} 63. Rxa1
{[%clk 0:12:25]} Rxa1 {[%clk 0:02:00]} 64. d8=Q {[%clk 0:12:50]} Rb1+
{[%clk 0:02:16]} 65. Kc6 {[%clk 0:13:15]} Rc1+ {[%clk 0:02:33]} 66. Kb5
{[%clk 0:13:42]} Ke4 {[%clk 0:02:53]} 67. Qd2 {[%clk 0:14:00]} Rc7
{[%clk 0:03:11]} 68. Qg2+ {[%clk 0:13:46]} Kd4 {[%clk 0:03:30]} 69. Qg4+
{[%clk 0:14:10]} Kd5 {[%clk 0:03:55]} 70. Qf5+ {[%clk 0:14:33]} Kd6
{[%clk 0:04:22]} 71. Qf4+ {[%clk 0:14:57]} Kd7 {[%clk 0:04:48]} 72. Qe5
{[%clk 0:15:07]} Rc8 {[%clk 0:01:51]} 73. Qf5+ {[%clk 0:15:18]} Kc7
{[%clk 0:02:20]} 74. Qe6 {[%clk 0:15:18]} Kb7 {[%clk 0:02:10]} 75. Qd5+
{[%clk 0:15:40]} Kc7 {[%clk 0:02:34]} 76. Kc5 {[%clk 0:15:48]} 1-0

[Event "15th International Khazar Cup (Masters) 2017"]
[Site "Rasht,Guilan,Iran"]
[Date "2017.01.23"]
[Round "4"]
[Board "2"]
[White "Tarlev, Konstantin"]
[Black "Lorparizangeneh, Shahin"]
[Result "1/2-1/2"]
[WhiteElo "2592"]
[BlackElo "2504"]
[PlyCount "0"]
[EventDate "2017.01.20"]
[EventRounds "9"]
[EventCountry "IRI"]

1. e4 {[%clk 1:26:44]} e5 {[%clk 1:22:47]} 2. Nf3 {[%clk 1:26:35]} Nc6
{[%clk 1:22:48]} 3. Bb5 {[%clk 1:26:59]} a6 {[%clk 1:19:52]} 4. Ba4
{[%clk 1:27:17]} Nf6 {[%clk 1:20:16]} 5. O-O {[%clk 1:27:25]} Be7
{[%clk 1:20:41]} 6. d3 {[%clk 1:23:05]} b5 {[%clk 1:20:36]} 7. Bb3
{[%clk 1:23:32]} d6 {[%clk 1:19:52]} 8. a3 {[%clk 1:20:20]} Na5 {[%clk 1:14:24]}
9. Ba2 {[%clk 1:19:44]} Be6 {[%clk 1:13:04]} 10. d4 {[%clk 1:03:41]} Bxa2
{[%clk 1:08:08]} 11. Rxa2 {[%clk 1:00:26]} Nc6 {[%clk 1:08:16]} 12. d5
{[%clk 0:55:34]} Nb8 {[%clk 1:06:14]} 13. Qe2 {[%clk 0:55:03]} Nbd7
{[%clk 0:58:50]} 14. c4 {[%clk 0:54:01]} Qb8 {[%clk 0:52:33]} 15. Nc3
{[%clk 0:52:17]} bxc4 {[%clk 0:43:44]} 16. Qxc4 {[%clk 0:38:05]} O-O
{[%clk 0:44:08]} 17. Bg5 {[%clk 0:38:27]} Qb7 {[%clk 0:39:47]} 18. b4
{[%clk 0:25:18]} Rfc8 {[%clk 0:37:58]} 19. Qc6 {[%clk 0:23:45]} Qxc6
{[%clk 0:20:47]} 20. dxc6 {[%clk 0:24:12]} Nb8 {[%clk 0:19:31]} 21. Nd5
{[%clk 0:23:38]} Nxc6 {[%clk 0:19:44]} 22. Bxf6 {[%clk 0:24:06]} Bxf6
{[%clk 0:20:08]} 23. Rc2 {[%clk 0:24:35]} Na7 {[%clk 0:15:59]} 24. Nxc7
{[%clk 0:23:14]} 1/2-1/2

[Event "15th International Khazar Cup (Masters) 2017"]
[Site "Rasht,Guilan,Iran"]
[Date "2017.01.23"]
[Round "4"]
[Board "3"]
[White "Sargissian, Gabriel"]
[Black "Gholami, Aryan"]
[Result "1/2-1/2"]
[WhiteElo "2667"]
[BlackElo "2426"]
[PlyCount "0"]
[EventDate "2017.01.20"]
[EventRounds "9"]
[EventCountry "IRI"]

1. c4 {[%clk 1:30:56]} Nf6 {[%clk 1:29:58]} 2. Nc3 {[%clk 1:28:03]} c5
{[%clk 1:29:44]} 3. Nf3 {[%clk 1:28:23]} d5 {[%clk 1:29:30]} 4. cxd5
{[%clk 1:28:01]} Nxd5 {[%clk 1:29:49]} 5. d4 {[%clk 1:23:19]} cxd4
{[%clk 1:23:52]} 6. Qxd4 {[%clk 1:21:44]} Nxc3 {[%clk 1:23:11]} 7. Qxd8+
{[%clk 1:15:07]} Kxd8 {[%clk 1:23:33]} 8. bxc3 {[%clk 1:15:33]} f6
{[%clk 1:22:35]} 9. e4 {[%clk 1:11:49]} e5 {[%clk 1:22:22]} 10. Bc4
{[%clk 1:12:14]} Nc6 {[%clk 1:20:57]} 11. Nd2 {[%clk 1:12:25]} Kc7
{[%clk 1:13:21]} 12. Nf1 {[%clk 1:11:57]} Bd7 {[%clk 1:10:46]} 13. Ne3
{[%clk 1:12:16]} Rc8 {[%clk 1:11:08]} 14. Bd2 {[%clk 1:11:51]} Kb8
{[%clk 1:09:37]} 15. Rb1 {[%clk 1:11:49]} Na5 {[%clk 1:06:51]} 1/2-1/2